000 00485nam a2200181Ia 4500
999 _c14642
_d14642
003 OSt
005 20201118162716.0
008 190216s9999||||xx |||||||||||||| ||und||
020 _a9781904233657
040 _coclc
082 _a813.6
_bMEY/T
100 _aMeyer, Stephenie
_95866
245 0 _aTwilight /
_cStephenie Meyer
260 _bAtom,
_c2012.
300 _a475p
650 _aEnglish-Fiction English
942 _cBK
_2ddc
_h813.6
_iMEY/T
_k813.6
_mMEY/T